000
00316 a2200157 4500
001
181074
020
_a
040
_c
Magnum
100
_a
Pinsky, Mirna
240
1
0
_a
A arvore de tudo
_l
por
245
1
0
_a
A arvore de tudo
362
0
_a
1899
440
1
_a
Miguilim
697
_a
MAGNITO: I/GERAL
942
_c
BK
999
_c
181074
_d
181074